UGC-NET: (Record no. 194243)

MARC details
000 -LEADER
fixed length control field 00949nam a22002297a 4500
005 - DATE AND TIME OF LATEST TRANSACTION
control field 20230322105609.0
010 ## - LCCN (DPL NO)
LC control number B-746193-198 E.N.A./7.11.22
020 ## - INTERNATIONAL STANDARD BOOK NUMBER
International Standard Book Number 9789390157204
Terms of availability 1095.00
035 ## - SYSTEM CONTROL NUMBER
System control number B-746193-198
037 ## - SOURCE OF ACQUISITION
Source of stock number/acquisition D.P.S. Publishing House
082 ## - DEWEY DECIMAL CLASSIFICATION NUMBER
Classification number 004
100 ## - MAIN ENTRY--PERSONAL NAME
Personal name Jindal, Munish
245 ## - TITLE STATEMENT
Title UGC-NET:
Remainder of title Computer Science and Application (Paper-II)/
Statement of responsibility, etc Munish jindal... [et .al]..
260 ## - PUBLICATION, DISTRIBUTION, ETC. (IMPRINT)
Place of publication, distribution, etc New Delhi
Name of publisher, distributor, etc D.P.S. Publishing House
Date of publication, distribution, etc 2021
270 ## - ADDRESS
Address 4598/12D, Gola Cottage, Ansari Road, Daryaganj,
City New Delhi
Postal code 110002
Telephone number 011-43586184
300 ## - PHYSICAL DESCRIPTION
Extent 1026p.
Dimensions 24cm(pbk)
700 ## - ADDED ENTRY--PERSONAL NAME
Personal name mangat, Veenu
700 ## - ADDED ENTRY--PERSONAL NAME
Personal name Saluja, Krishan
700 ## - ADDED ENTRY--PERSONAL NAME
Personal name Jindal, K.M.
942 ## - ADDED ENTRY ELEMENTS (KOHA)
Source of classification or shelving scheme Dewey Decimal Classification
Item type English Books
Call number suffix JIN
Classification part 004
Holdings
Withdrawn status Lost status Not for loan Collection code Home library Current library Date acquired Source of acquisition Cost, normal purchase price Full call number Barcode Copy number Cost, replacement price Koha item type
      Non-fiction Ashok Vihar Ashok Vihar 22/03/2023 D.P.S. Pub. House/DPSPH 701/23.11.22/160/23.11.22./30.11.22 1095.00 004 JIN B-746195 1 1095.00 English Books
      Non-fiction Central Library Central Library 22/03/2023 D.P.S. Pub. House/DPSPH 701/23.11.22/160/23.11.22./30.11.22 1095.00 004 JIN B-746193 1 1095.00 English Books
      Non-fiction Mobile Library Mobile Library 22/03/2023 D.P.S. Pub. House/DPSPH 701/23.11.22/160/23.11.22./30.11.22 1095.00 004 JIN B-746194 1 1095.00 English Books
      Non-fiction Patel Nagar Patel Nagar 22/03/2023 D.P.S. Pub. House/DPSPH 701/23.11.22/160/23.11.22./30.11.22 1095.00 004 JIN B-746196 1 1095.00 English Books
      Non-fiction Sarojini Nagar Sarojini Nagar 22/03/2023 D.P.S. Pub. House/DPSPH 701/23.11.22/160/23.11.22./30.11.22 1095.00 004 JIN B-746197 1 1095.00 English Books
      Non-fiction Shahdara Branch Shahdara Branch 22/03/2023 D.P.S. Pub. House/DPSPH 701/23.11.22/160/23.11.22./30.11.22 1095.00 004 JIN B-746198 1 1095.00 English Books

© Delhi Public Library
Hit Counter
free hit counter